Central Library OPAC University of Rajshahi

অমেরুদন্ডী প্রাণীর কথা / (Record no. 71157)

MARC details
000 -LEADER
fixed length control field 00793nam a2200217 a 4500
001 - CONTROL NUMBER
control field 71157
003 - CONTROL NUMBER IDENTIFIER
rucl marc code BD-RjUL
005 - DATE AND TIME OF LATEST TRANSACTION
control field 20211209082101.0
008 - FIXED-LENGTH DATA ELEMENTS--GENERAL INFORMATION
fixed length control field 170427s1977 bg a|||| |||| 00| 0 ben d
035 ## - SYSTEM CONTROL NUMBER
System control number (BD-RjUL)71372
040 ## - CATALOGING SOURCE
Original cataloging agency BD-RjUL
Language of cataloging eng
Transcribing agency BD-RjUL
041 ## - LANGUAGE CODE
Language code of text/sound track or separate title eng
082 ## - DEWEY DECIMAL CLASSIFICATION NUMBER
Edition number 23
Classification number 592
Author mark and year BHA 1977
100 1# - MAIN ENTRY--PERSONAL NAME
Personal name ভূঁইয়া, আবদুল হাকিম
9 (RLIN) 210535
245 10 - TITLE STATEMENT
Title অমেরুদন্ডী প্রাণীর কথা /
Statement of responsibility, etc. আবদুল হাকিম ভূঁইয়া
260 ## - PUBLICATION, DISTRIBUTION, ETC. (IMPRINT)
Place of publication, distribution, etc. ঢাকা :
Name of publisher, distributor, etc. বাংলা একাডেমী,
Date of publication, distribution, etc. ১৯৭৭.
300 ## - PHYSICAL DESCRIPTION
Pagination ৪১২ পৃ. :
Illustrations চিত্র ;
Size ২০ সেমি.
650 ## - SUBJECT ADDED ENTRY--TOPICAL TERM
Topical term or geographic name as entry element অমেরুদণ্ডী
9 (RLIN) 144413
Topical term or geographic name as entry element Invertebrates
9 (RLIN) 210536
942 ## - ADDED ENTRY ELEMENTS (KOHA)
Source of classification or shelving scheme Dewey Decimal Classification
Koha item type Books
Holdings
Lost status Source of classification or shelving scheme Damaged status Not for loan Collection code Permanent Location Current Location Shelving location Date acquired Source of acquisition Cost, normal purchase price Total Checkouts Full call number Date last seen Copy number Koha item type
  Dewey Decimal Classification   Not For Loan Non-fiction Central Library, University of Rajshahi Central Library, University of Rajshahi Reading Room 24/08/1978 Bangla Academy, Dhaka. 32.00   B 592 BHA 1977 27/04/2017 C-1 Books
  Dewey Decimal Classification     Non-fiction Central Library, University of Rajshahi Central Library, University of Rajshahi General Stacks 24/08/1978 Bangla Academy 32.00   B 592 BHA 1977 01/11/2022 C-2 Books